000 00657nam a2200253Ia 4500
005 20260121161331.0
008 008 260114s9999 xx 000 0 eng d
020 _a9781003350507
037 _aEBOOK
040 _aCRL
040 _beng
040 _cCRL
041 _2eng
041 _aeng
084 _qCRL
100 _aMarta Lasek-Markey
_91043109
245 0 _aLaw, Precarious Labour and Posted Workers : A Sociolegal Study on Posted Work in the EU
260 _bTaylor and Francis
260 _c2023
856 _uhttp://www.taylorfrancis.com/books/9781003350507
942 _cEBOOK
999 _c1609925
_d1609925